00574nam a22002057a 4500003000500000005001700005008004100022010001000063011001000073035001000083040000900093082001600102100001900118245006500137260005200202300001800254490004100272650001400313830004100327CHAP20220817041533.0971013s1962 r 00010 d a17358 a18330 a22415 cCHAP a595.771bH800aHull, Frank M. aRobber flies of the world; the genera of the family Asilidae aWashington :bGovernment Printing Office,c1962 a2 v.b: ilus. aU.S. National Museum Bulletinv; 22414aAsilidae.0 aU.S. National Museum Bulletinv; 224